00490cam a22001692 4500001001100000005001700011008004100028020002600069040001500095100003100110245004100141250001300182260003500195300001100230650003200241650004700273000000729220151217155833.0071218s xx 000 0 eng d a9966251103 :cKES 240 aKABUcKABU1 aAseka, Eric M.@000015851910aMzee Jomo Kenyatta /cEric M. Aseka. aRev. ed. aNairobi :bE. A. E. P.,c2001. a67 p. 0aKenyatta, Jomo.@0000158520 0aPoliticiansvBiographyzKenya.@0000158503